000 01132nam a22003737a 4500
001 0005352
003 KOHA_MİRAKIL
005 20260207001442.0
007 ta
008 090603b1993 tu |||gr||||#0|||d|tur |
020 _a9751713021
_c0,01
040 _aTR-BiSEU
_btur
_cTR-BiSEU
_erda
041 0 _atur
044 _ctu
050 _aPL237.P74
_bO73 1993
100 1 _aOral, Ünver.
245 1 _aPrenses ve çoban/
_cÜnver Oral ; Ünver Oral.
250 _a1.bsm.
264 1 _aAnkara :
_bKültür Bakanlığı
_c1993
300 _aVII, 48 sayfa
336 _ametin
_btxt
_2rdacontent
337 _aaracısız
_bn
_2rdamedia
338 _acilt
_bnc
_2rdacarrier
490 1 _aKültür Bakanlığı yayınları ;1523.
490 1 _aYayımlar Dairesi Başkanlığı.
490 1 _aÇocuk-tiyatro dizisi ;
_v137-85.
650 0 _aTurkish Plays.
_912918
650 0 _aTürk oyunları.
_912919
830 1 _aKültür Bakanlığı yayınları ;1523.
_912920
830 1 _aYayımlar Dairesi Başkanlığı.
_910561
830 1 _aÇocuk-tiyatro dizisi ;
_v137-85.
_912921
907 _aTiyatro
942 _2lcc
_cBK
999 _c5334
_d5334